Breaking the conflict trap (Record no. 60033)
[ view plain ]
| 000 -LEADER | |
|---|---|
| fixed length control field | 01701nam a22003974a 4500 |
| 082 04 - DEWEY DECIMAL CLASSIFICATION NUMBER | |
| Classification number | 303.6/4/091724 |
| 245 00 - TITLE STATEMENT | |
| Title | Breaking the conflict trap |
| 260 ## - PUBLICATION, DISTRIBUTION, ETC. (IMPRINT) | |
| Place of publication | Washington, DC : |
| Name of publisher | World Bank ; |
| Place of publication | [New York] : |
| Name of publisher | Oxford University Press, |
| Year of publication | c2003. |
| 300 ## - PHYSICAL DESCRIPTION | |
| Number of Pages | xv, 221 p. : |
| Other physical details | ill. |
| 490 1# - SERIES STATEMENT | |
| Series statement | A World Bank policy research report |
| 650 #0 - SUBJECT ADDED ENTRY--TOPICAL TERM | |
| Topical Term | Civil war |
| Topical Term | Civil war |
| Topical Term | Poverty |
| Topical Term | Income distribution |
| Topical Term | Mortality |
| Topical Term | Public health |
| Topical Term | Economic development. |
| 700 1# - ADDED ENTRY--PERSONAL NAME | |
| Personal name | Collier, Paul. |
| 856 40 - ELECTRONIC LOCATION AND ACCESS | |
| Uniform Resource Identifier | http://site.ebrary.com/lib/rucke/Doc?id=10040033 |
No items available.
